<?xml version='1.0' encoding='UTF-8'?>
  <record xmlns="http://www.loc.gov/MARC21/slim">
    <leader>00000cam a2200000 i 4500</leader>
    <controlfield tag="001">ocm64945180</controlfield>
    <controlfield tag="003">OCoLC</controlfield>
    <controlfield tag="005">20240615173910.8</controlfield>
    <controlfield tag="008">890529s1833    ne            000 0 dut d</controlfield>
    <datafield tag="040" ind1=" " ind2=" ">
      <subfield code="a">NLGGC</subfield>
      <subfield code="b">dut</subfield>
      <subfield code="e">fobidrtb</subfield>
      <subfield code="c">NLGGC</subfield>
      <subfield code="d">OCLCO</subfield>
      <subfield code="d">OCLCL</subfield>
      <subfield code="d">OCLCQ</subfield>
    </datafield>
    <datafield tag="029" ind1="0" ind2=" ">
      <subfield code="a">NLGGC</subfield>
      <subfield code="b">05316394X</subfield>
    </datafield>
    <datafield tag="035" ind1=" " ind2=" ">
      <subfield code="a">(OCoLC)64945180</subfield>
    </datafield>
    <datafield tag="100" ind1="1" ind2=" ">
      <subfield code="a">Le Sage ten Broek, J.G.</subfield>
      <subfield code="q">(Joachim George),</subfield>
      <subfield code="d">1775-1847.</subfield>
      <subfield code="1">https://id.oclc.org/worldcat/entity/E39PBJbWxHTtKQtRJXFgpphyh3</subfield>
    </datafield>
    <datafield tag="245" ind1="1" ind2="0">
      <subfield code="a">Ter nagedachtenis van den hoogwaardigsten heere Gerardus van Nooy, in leven aartspriester van Utrecht en pastoor te Maarssen, oud vice-superior der Nederlandsche zending, overleden te Maarssen den 27sten november 1832 /</subfield>
      <subfield code="c">door J.G. Lesage ten Broek.</subfield>
    </datafield>
    <datafield tag="260" ind1=" " ind2=" ">
      <subfield code="a">Utrecht :</subfield>
      <subfield code="b">J.R. van Rossum,</subfield>
      <subfield code="c">1833.</subfield>
    </datafield>
    <datafield tag="300" ind1=" " ind2=" ">
      <subfield code="a">28 p. ;</subfield>
      <subfield code="c">21 cm.</subfield>
    </datafield>
    <datafield tag="336" ind1=" " ind2=" ">
      <subfield code="a">tekst</subfield>
      <subfield code="b">txt</subfield>
      <subfield code="2">rdacontent/dut</subfield>
    </datafield>
    <datafield tag="337" ind1=" " ind2=" ">
      <subfield code="a">zonder medium</subfield>
      <subfield code="b">n</subfield>
      <subfield code="2">rdamedia/dut</subfield>
    </datafield>
    <datafield tag="338" ind1=" " ind2=" ">
      <subfield code="a">band</subfield>
      <subfield code="b">nc</subfield>
      <subfield code="2">rdacarrier/dut</subfield>
    </datafield>
    <datafield tag="530" ind1=" " ind2=" ">
      <subfield code="a">Ook beschikbaar in microvorm.</subfield>
    </datafield>
    <datafield tag="580" ind1=" " ind2=" ">
      <subfield code="a">(Uittreksel uit den Godsdienstvriend voor Januarij 1833, met aanteekeningen vermeerderd).</subfield>
    </datafield>
    <datafield tag="600" ind1="1" ind2="7">
      <subfield code="a">Nooy, Gerard van,</subfield>
      <subfield code="d">1765-1832.</subfield>
      <subfield code="2">local</subfield>
      <subfield code="0">(NL-LeOCL)073337412</subfield>
    </datafield>
    <datafield tag="758" ind1=" " ind2=" ">
      <subfield code="a">Ter nagedachtenis van den hoogwaardigsten heere Gerardus van Nooy, in leven aartspriester van Utrecht en pastoor te Maarssen, oud vice-superior der Nederlandsche zending, overleden te Maarssen den 27sten november 1832 (Text)</subfield>
      <subfield code="1">https://id.oclc.org/worldcat/entity/E39PD3pB3K6yvJcH9qGwwPh9J8</subfield>
      <subfield code="4">https://id.oclc.org/worldcat/ontology/hasWork</subfield>
    </datafield>
    <datafield tag="776" ind1="0" ind2=" ">
      <subfield code="t">Ter nagedachtenis van den hoogwaardigsten heere Gerardus van Nooy, in leven aartspriester van Utrecht en pastoor te Maarssen, oud vice-superior der Nederlandsche zending, overleden te Maarssen den 27sten november 1832</subfield>
      <subfield code="w">(NL-LeOCL)425937526</subfield>
    </datafield>
    <datafield tag="936" ind1=" " ind2=" ">
      <subfield code="a">BATCHLOAD</subfield>
    </datafield>
  </record>